La organización Popular Autónoma

Guardado en:
Bibliografiske detaljer
Institution som forfatter: Morelis Ramos, Cruz
Format: Texto
Fag:
Tags: Tilføj Tag
Ingen Tags, Vær først til at tagge denne postø!

MARC

LEADER 00000 a a2200000 04500
001 45631
003
040
110 |a Morelis Ramos, Cruz  
245 |a La organización Popular Autónoma  
500 |a Antes se llamaba: ALAI SERVICIO MENSUAL DE INFORMACION Y DOCUMENTACION  
650 |a POLITICA  
650 |a SISTEMAS DE GOBIERNO  
650 |a MOVIMIENTOS SOCIALES  
650 |a CARIBE  
650 |a VENEZUELA  
773 |g volumen12, número100 (Febrero, 1988), Págs. 3-5  
999 |c 18322  |d 18322